| 000 | 01166cam a2200349 a 4500 | ||
|---|---|---|---|
| 001 | 4736 | ||
| 003 | FISKH | ||
| 005 | 20250827141939.0 | ||
| 008 | 080718r20082001nyuac j b 000 1 eng | ||
| 010 | _a 2008024693 | ||
| 020 | _a9781416968788 | ||
| 020 | _a1416968784 | ||
| 020 | _a9780545334112 | ||
| 040 |
_aDLC _cDLC _dDLC _beng |
||
| 050 | _aPZ7.S4654 | ||
| 082 | _a360 | ||
| 100 | 1 | _aSelznick, Brian. | |
| 245 | 1 | 4 |
_aThe Houdini box / _cwritten and illustrated by Brian Selznick. |
| 260 |
_aNew York : _bScholastic, _c1991 |
||
| 300 |
_a52 unnumbered pages : _billustrations ; _c25 cm |
||
| 504 | _aIncludes bibliographical references. | ||
| 505 | _aR | ||
| 520 | _aA chance encounter with Harry Houdini leaves a small boy in possession of a mysterious box--one that might hold the secrets to the greatest magic tricks ever performed. | ||
| 521 | 8 |
_a780
_bLexile |
|
| 521 | 8 |
_aR
_bRaz-Plus |
|
| 600 | 1 | 0 |
_aHoudini, Harry, _d1874-1926 _vJuvenile fiction. |
| 600 | 1 | 1 |
_aHoudini, Harry, _d1874-1926 _vFiction. |
| 650 | 1 |
_aMagicians _vFiction. |
|
| 906 |
_a7 _bcbc _corignew _d1 _eecip _f20 _gy-gencatlg |
||
| 942 |
_2ddc _cBK _n0 |
||
| 999 |
_c4736 _d4736 |
||